| 000 | 01018nam a2200241Ia 4500 | ||
|---|---|---|---|
| 003 | OSt | ||
| 005 | 20220918110819.0 | ||
| 006 | a|||||r|||| 00| 0 | ||
| 007 | ta | ||
| 008 | 220915b |||||||| |||| 00| 0 hin d | ||
| 024 | _a268398 | ||
| 037 | _cReference Collections | ||
| 040 |
_aARTS _cARTS _bhin |
||
| 041 |
_2hin _ahin |
||
| 082 | _aO152.6M90x, P4.1-.4 (RR) | ||
| 100 |
_aविद्यार्थी, गणेश शंकर _99655 |
||
| 245 | 0 | _aगणेश शंकर विद्यार्थी रचनावली | |
| 246 | _aGaṇesh shankar vidyārthī rachanāvalī | ||
| 260 |
_aनई दिल्ली _bअनामिका पब्लिशर्स भारत _c2004 |
||
| 700 | _a सलिल, सुरेश, संपा. | ||
| 942 |
_hO152.6M90x, P4.1-.4 (RR) _cREF |
||
| 999 |
_c114948 _d114948 |
||